| 000 | 00522nam a2200181Ia 4500 | ||
|---|---|---|---|
| 003 | IN-BaIIA | ||
| 008 | 211028s9999 xx 000 0 eng d | ||
| 040 | _cIIA Library | ||
| 080 |
_a621.38 _bLEW |
||
| 245 | 0 |
_aElectronic construction handbook _cedited by Robert F. Lewis and Marvin Margoshes |
|
| 260 |
_aWilson Com. _bRadio Publications |
||
| 300 | _a136p. | ||
| 650 |
_aElectronic Equipment _93162 |
||
| 650 |
_aElectronics _91576 |
||
| 650 | _aNASA Thesaurus | ||
| 700 |
_aLewis, Robert F., ed. _94246 |
||
| 942 | _cBK | ||
| 999 |
_c2372 _d2372 |
||